Temporal Climatology and Anomalous Weather Analysis / (Record no. 616639)

000 -LEADER
fixed length control field 00532nam a22001817a 4500
003 - CONTROL NUMBER IDENTIFIER
control field NUST
005 - DATE AND TIME OF LATEST TRANSACTION
control field 20260312113050.0
008 - FIXED-LENGTH DATA ELEMENTS--GENERAL INFORMATION
fixed length control field 260312b ||||| |||| 00| 0 eng d
020 ## - INTERNATIONAL STANDARD BOOK NUMBER
International Standard Book Number 978-9811036415
082 ## - DEWEY DECIMAL CLASSIFICATION NUMBER
Classification number 551.6
Author Mark WEI
100 ## - MAIN ENTRY--PERSONAL NAME
Personal name Weihong Qian.
9 (RLIN) 133676
245 ## - TITLE STATEMENT
Title Temporal Climatology and Anomalous Weather Analysis /
Remainder of title Springer Atmospheric Sciences /
Statement of responsibility, etc. Weihong Qian.
250 ## - EDITION STATEMENT
Edition statement 1st edition
260 ## - PUBLICATION, DISTRIBUTION, ETC.
Place of publication, distribution, etc. Switzerland:
Name of publisher, distributor, etc. Springer,
Date of publication, distribution, etc. 2017.
300 ## - PHYSICAL DESCRIPTION
Extent 679 p ;
Dimensions 29.5 cm
563 ## - BINDING INFORMATION
Binding note Hardcover
942 ## - ADDED ENTRY ELEMENTS (KOHA)
Source of classification or shelving scheme
Koha item type Book
Holdings
Withdrawn status Lost status Source of classification or shelving scheme Damaged status Not for loan Permanent Location Current Location Date acquired Total Checkouts Full call number Barcode Date last seen Price effective from Koha item type
          Institute of Geographical Information Systems (IGIS) Institute of Geographical Information Systems (IGIS) 03/12/2026   551.6 WEI IGIS-1103 03/12/2026 03/12/2026 Book
          Institute of Geographical Information Systems (IGIS) Institute of Geographical Information Systems (IGIS) 03/12/2026   551.6 WEI IGIS-1109 03/12/2026 03/12/2026 Book
© 2023 Central Library, National University of Sciences and Technology. All Rights Reserved.